000 00579nam a22001937a 4500
999 _c9044
_d9044
008 210320b ||||| |||| 00| 0 eng d
040 _aBMS College of Architecture
100 _aRao, S Esha
245 _aRevival of folk art of Dakshina kannada - Yakshagana
300 _a66p.
500 _a1BM07AT013
502 _8B.Arch
_NBMS College of Architecture, Visvesvaraya Technological University
_aProject reoport
_d2012
650 _aArt
650 _aYakshagana
650 _aKannada
700 _aShobha M N
_eGuide
700 _aK R Madhu Chand
_eGuide
942 _2ddc
_cTHE